| 000 | 00546nam a2200217Ia 4500 | ||
|---|---|---|---|
| 005 | 20250707122909.0 | ||
| 008 | 008 250516s9999 xx 000 0 eng d | ||
| 020 | _a9788176711340 | ||
| 040 |
_beng _cSDCL |
||
| 041 |
_aeng _2eng |
||
| 084 | _aG9M,116 R4 | ||
| 100 | _aWatson, James D. | ||
| 245 | 0 | _aMolecular biology of the gene | |
| 250 | _a8th ed. | ||
| 260 |
_aNew Delhi : _bEWP, _c2024. |
||
| 300 | _axxxiv, 872p. | ||
| 650 | _aBiochemistry | ||
| 700 | _aBaker, Tania A. | ||
| 700 | _aBell, Stephen P. | ||
| 942 |
_cTEXL _2CC |
||
| 999 |
_c1430131 _d1430131 |
||